000
00263nam a22001217a 4500
008
180116b xxu||||| |||| 00| 0 eng d
041
_a
eng
080
_a
53
100
_a
FIZ
101
_a
43
245
_a
Metric conversation tables
_c
Perrin,H
942
_2
udc
_c
BK
999
_c
40323
_d
40323